Zwycięzcy ostatniego wyścigu F1 w sezonie - Statystyki

Ogólne statystyki
  • Ten quiz został rozwiązany 29 razy
  • Średni wynik to 48 z 75
Statystyki odpowiedzi
Rok Kierowca % Poprawnych
2019 Hamilton
100%
2018 Hamilton
100%
2016 Hamilton
100%
2014 Hamilton
100%
2024 Verstappen
100%
2023 Verstappen
100%
2022 Verstappen
100%
2021 Verstappen
100%
2020 Verstappen
100%
2005 Alonso
92%
2004 Schumacher
88%
2002 Schumacher
88%
2001 Schumacher
88%
2000 Schumacher
88%
2013 Vettel
88%
2010 Vettel
88%
2009 Vettel
88%
1993 Senna
85%
1991 Senna
85%
1988 Prost
81%
1986 Prost
81%
1984 Prost
81%
1981 Prost
81%
2007 Raikkonen
81%
2015 Rosberg
77%
1985 Rosberg
77%
1982 Rosberg
77%
2017 Bottas
73%
1999 Hakkinen
73%
1998 Hakkinen
73%
1997 Hakkinen
73%
1995 Hill
73%
1968 Hill
73%
1962 Hill
73%
1961 Hill
73%
1975 Lauda
73%
2012 Button
65%
1957 Fangio
65%
1955 Fangio
65%
1954 Fangio
65%
2008 Massa
65%
2006 Massa
65%
2003 Barrichello
62%
1994 Mansell
62%
2011 Webber
62%
1967 Clark
58%
1963 Clark
58%
1974 Fittipaldi
58%
1972 Fittipaldi
58%
1950 Farina
54%
1990 Piquet
54%
1953 Ascari
50%
1952 Ascari
50%
1951 Ascari
50%
1960 Brabham
50%
1971 Stewart
50%
1977 Hunt
46%
1976 Hunt
46%
1996 Villeneuve
46%
1979 Villeneuve
46%
1958 Moss
42%
1956 Moss
42%
1992 Berger
38%
1987 Berger
38%
1980 Jones
38%
1966 Surtees
35%
1964 Surtees
35%
1983 Patrese
27%
1978 Reutemann
23%
1973 Peterson
19%
1989 Boutsen
15%
1970 Ickx
15%
1969 Ickx
15%
1959 Mclaren
8%
1965 Ginhter
0%
Nie znaleziono quizów pasujących do podanych kryteriów
Rozkład punktacji
Procent ludzi z każdym wynikiem
Percentyl według liczby udzielonych odpowiedzi
Twoja historia wyników
Nie rozwiązałeś tego quizu